| 000 | 01195cam a2200301 a 4500 | ||
|---|---|---|---|
| 999 |
_c21571 _d21571 |
||
| 001 | 4415050 | ||
| 005 | 20170121152931.0 | ||
| 008 | 930204s1993 maua b 001 0 eng | ||
| 010 | _a 93021863 | ||
| 020 | _a0262132923 | ||
| 020 | _a0262631482 (pbk.) | ||
| 040 |
_aDLC _cDLC _dDLC |
||
| 043 | _ae-gr--- | ||
| 050 | 0 | 0 |
_aNA270 _b.M38 1993 |
| 100 | 1 | _aMcEwen, Indra Kagis. | |
| 245 | 1 | 0 |
_aSocrates' ancestor : _ban essay on architectural beginnings / _cIndra Kagis McEwen. |
| 260 |
_aCambridge, Mass. : _bMIT Press, _cc1993. |
||
| 300 |
_ax, 194 p. : _bill. ; _c21 cm. |
||
| 500 | _aOriginally presented as the author's thesis (Master--McGill University School of Architecture). | ||
| 504 | _aIncludes bibliographical references (p. 169-179) and index. | ||
| 650 | 0 |
_aArchitecture _zGreece. |
|
| 650 | 0 |
_aArchitecture _xPhilosophy. |
|
| 942 |
_2lcc _cBOOKS _hNA270 .M38 1993 |
||